Responses for show #6456 - Monday, October 15, 2012

Stephanie Jass game 6.

Contestants

John Matthews, a camp counselor and law student from McLean, Virginia

Ricky Leiter, a resident physician in internal medicine from New York, New York

Stephanie Jass, a history professor from Milan, Michigan (whose 5-day cash winnings total $98,970)

Jeopardy! Round responses

THE TOOL SHED
DR. SEUSS TITLES BY INITIALS
SING US A SONG, YOU'RE THE PIANO MAN
STUPID FOOD ANSWERS
PLURALS
THE ASSASSINATION OF ABRAHAM LINCOLN
(Alex: A visit to Ford's Theatre to explore one of the most tragic events in American history.)
    $200 6
a (plumber's) snake

Stephanie
    $200 11
Green Eggs and Ham

Stephanie
    $200 21
Elton John

Stephanie
    $200 1
the lime

John
    $200 16
alumni

Stephanie
    $200 26
Our American Cousin

Stephanie
    $400 7
sledgehammer

Stephanie
    $400 12
The Cat in the Hat

Ricky
    $400 22
Billy Joel

Stephanie
    $400 2
the coconut

John
    $400 17
secretaries general

Ricky
    $400 27
(John: Who is Samuel Colt?)

Henry Deringer

John
Triple Stumper
    $600 8
a saw

John
    $600 13
How the Grinch Stole Christmas!

Triple Stumper
    $600 23
Barry Manilow

Stephanie
    $600 3
(John: What--what is a pogo?)

a corn dog

StephanieJohn
    $600 18
men-children

Ricky
    $800 28
Sic semper tyrannis

Stephanie
    $800 9
a compass

Stephanie
    $800 14
One Fish Two Fish Red Fish Blue Fish

John
    $800 24
(Freddie) Mercury

Stephanie
    $800 4
blackberries

Stephanie
    $800 19
(John: What are "seraphins"?)
(Alex: Say it again.)
(John: "Ser--seraphins"?)
(Ricky: What are "seraphin"?)

seraphim

StephanieRickyJohn
    $800 29
(Stephanie: Who was Seward?)

Edwin Stanton

Stephanie
Triple Stumper
    $1000 10
a socket wrench (or socket set)

Stephanie
    $1000 15
Fox in Socks

Triple Stumper
    $1000 25
Jerry Lee Lewis

Stephanie
    $1000 5
Linz

Stephanie
    $1000 20
stigmata

Ricky
    $1000 30
"Now he belongs to the ages"

Triple Stumper

Scores at the first commercial break (after clue 15):

Stephanie Ricky John
$5,000 $400 $1,400

Scores at the end of the Jeopardy! Round:

Stephanie Ricky John
$9,200 $1,600 $200

Double Jeopardy! Round responses

ART TERMS
"SIN" FULL
CITY FOUNDERS
TV CHARACTERS
GET YOUR DUCKS
IN A ROW
    $400 17
rhyme

Stephanie
    $400 1
Sinbad

Ricky
    $400 15
(John: What is Nashville?)

Memphis

StephanieJohn
    $400 6
Two and a Half Men

Stephanie
    $400 11
a pekin duck

Triple Stumper
    $400 22
windmills

John
    $800 18
skin

Stephanie
    $800 2
sinew

Stephanie
    $1,000 16
Sacramento

Stephanie
    $800 7
Desperate Housewives

Stephanie
    $800 12
mallard

John
    $800 23
Sudoku

John
    $1200 19
one's a male & one's a female

Stephanie
    $1200 3
sincere

Stephanie
    $1200 28
[The end-of-round signal sounds.]

Eugene

Stephanie
    $1200 8
Community

John
    $1200 13
fish

John
    $1200 24
(Alex: Less than a minute now, John.)

the Western Wall (or the Wailing Wall)

Triple Stumper
    $1600 20
(John: What is Impressionism?)

conceptual art

John
Triple Stumper
    $2,000 4
(Stephanie: What is Sin City?)

a singularity

Stephanie
    $1600 9
The Big Bang Theory

John
    $1600 14
a teal

Triple Stumper
    $1600 25
a hippodrome

Stephanie
    $2000 21
provenance

Stephanie
    $2000 5
Sinaloa

Ricky
    $2000 10
(Ricky: What is Flashpoint?)

Rookie Blue

Ricky
Triple Stumper
    $2000 27
(John: What is a barge?)

a raft

John
Triple Stumper
    $2000 26
Jethro Tull

Stephanie

Scores at the end of the Double Jeopardy! Round:

Stephanie Ricky John
$21,000 $2,000 $2,200
(lock game)

[wagering suggestions for these scores]

Final Jeopardy! Round responses

FICTION
(Alex: That Vegas heist movie starred Frank Sinatra.)
...
(Alex: Ocean's Eleven was the film.)
RickyWhat is 50/50?
$2,000
JohnWhat is Catch-22?
$1,900
StephanieWhat is Catch 22?
$4,000
Catch-22

Final scores:

Stephanie Ricky John
$25,000 $0 $4,100
6-day champion: $123,970 3rd place: $1,000 2nd place: $2,000

Game dynamics:

Coryat scores:

Stephanie Ricky John
$22,600 $2,000 $2,200
30 R
(including 2 DDs),
2 W
(including 1 DD)
6 R,
2 W
10 R,
6 W

Combined Coryat: $26,800

The J! Archive is created by fans, for fans. The Jeopardy! game show and all elements thereof, including but not limited to copyright and trademark thereto, are the property of Jeopardy Productions, Inc. and are protected under law. This website is not affiliated with, sponsored by, or operated by Jeopardy Productions, Inc. Join the discussion at JBoard.tv.